Soil structure interaction simulation in boundary element methods for building foundations / (Record no. 25118)
[ view plain ]
| 000 -LEADER | |
|---|---|
| fixed length control field | 00867ntm a22002297a 4500 |
| 005 - DATE AND TIME OF LATEST TRANSACTION | |
| control field | 20170817100714.0 |
| 008 - FIXED-LENGTH DATA ELEMENTS--GENERAL INFORMATION | |
| fixed length control field | 170802s2011 xx a frb 000 0 eng d |
| 040 ## - CATALOGING SOURCE | |
| Original cataloging agency | EG-ScBUE |
| Language of cataloging | eng |
| Transcribing agency | EG-ScBUE |
| 082 04 - DEWEY DECIMAL CLASSIFICATION NUMBER | |
| Edition number | 22 |
| Classification number | 620 |
| Item number | LOT |
| 100 1# - MAIN ENTRY--PERSONAL NAME | |
| Personal name | Lotfy, Marina Reda. |
| 245 10 - TITLE STATEMENT | |
| Title | Soil structure interaction simulation in boundary element methods for building foundations / |
| Statement of responsibility, etc | by Marina Reda Lotfy. |
| 260 ## - PUBLICATION, DISTRIBUTION, ETC. (IMPRINT) | |
| Date of publication, distribution, etc | 2011. |
| 300 ## - PHYSICAL DESCRIPTION | |
| Extent | 170 p. : |
| Type of unit | ill. (col.) ; |
| Size of unit | 28 cm. |
| 500 ## - GENERAL NOTE | |
| General note | A dissertation submitted to the faculty of the engineering the British university in Egypt in partial fulfillment of the requirements for the bachelor degree in civil engineering |
| 590 ## - LOCAL NOTE (RLIN) | |
| Local note | NOURA TARK KAMAL. |
| 650 #7 - SUBJECT ADDED ENTRY--TOPICAL TERM | |
| Source of heading or term | BUEsh |
| Form subdivision | Projects |
| Topical term or geographic name as entry element | Civil Engineering. |
| 653 ## - INDEX TERM--UNCONTROLLED | |
| Resource For college | Engineering, Civil |
| Arrived date list | August2017 |
| 655 ## - INDEX TERM--GENRE/FORM | |
| Form subdivision | |
| 700 1# - ADDED ENTRY--PERSONAL NAME | |
| Personal name | Rashed,Youssef F.. |
| Relator term | ths. |
| 777 ## - TEST | |
| tEST | |
| 942 ## - ADDED ENTRY ELEMENTS (KOHA) | |
| Source of classification or shelving scheme | Dewey Decimal Classification |
| Withdrawn status | Lost status | Source of classification or shelving scheme | Damaged status | Not for loan | Home library | Current library | Shelving location | Date acquired | Total Checkouts | Full call number | Barcode | Date last seen | Koha item type |
|---|---|---|---|---|---|---|---|---|---|---|---|---|---|
| Dewey Decimal Classification | Central Library | Central Library | Second Floor | 06/08/2017 | 620 LOT | 000046297 | 15/07/2025 | Projects - Students (NB) |